00321nam a22001097a 450000500170000000800410001702000180005810000230007624500430009926000470014230000220018920260115123441.0260115b |||||||| |||| 00| 0 eng d a9789390780440 aChopra Nidhid2022 aAdvanced Microprocessorc/Nidhi Chopra aNew Delhi:bRandom Publications LLP:c2022 aviii; 293p.c24cm